=LDR 00000nam 2200000 4500 =001 INLIS000000000006560 =005 20130612094702 =008 ***********************************Ind** =035 ##$$0010-061300000006560 =041 ##$$a Ind =082 ##$$a 92 (Dahlan) =090 ##$$a 92 (Dahlan), Rab m =100 ##$$a RABBAH, Riyanto =245 ##$$a Moh. Ali B. Dahlan Sang Pendobrak, Riyanto Rabbah. --- =260 ##$$a 1998 $b Mataram =300 ##$$a ii, 132 hlm, ilus, 21 cm =700 ##$$a M. ALi B. Dahlan - Biografi =850 ##$$a NBPNMAT